| 000 | 01080nam a2200289 c 4500 | ||
|---|---|---|---|
| 003 | BLK | ||
| 005 | 20250410175137.0 | ||
| 008 | 180411b bul|||||r ||||||| ||bul|| | ||
| 010 | _aKNG00209595000 | ||
| 020 |
_a978-954-8261-58-6 _bиздат.: Алекс принт |
||
| 040 | _aBLK | ||
| 041 |
_aBUL _cBUL |
||
| 080 |
_aБългарска литература _b821.163.2 _x-93-34 _z821.163.2-93-34 |
||
| 700 | 1 |
_aЦонева, Емануела _eхудож. _9374676 |
|
| 139 |
_aЛюбими детски стихчета и приказки _bЛ 95 |
||
| 245 | 1 | 0 |
_aЛюбими детски стихчета и приказки _bЛакомата мецана _cхудож. Емануела Цонева. |
| 257 | _aBGR | ||
| 260 |
_аВарна _bАлекс принт _c2009 |
||
| 300 |
_a12 с. _bс цв. ил. _c28 см |
||
| 380 | _aDX | ||
| 852 | _aЦб ІІ 21926 | ||
| 856 | 4 |
_qpdf _u |
|
| 856 | 4 |
_qpdf _u |
|
| 942 |
_cKNG _n0 _03 |
||
| 944 |
_aCR _c16.07.2017 _k30537 _lГрета Цуфелде |
||
| 944 |
_aED _c14.07.2017 _kПенка_Димитрова |
||
| 999 |
_c200179 _d200179 |
||